| 000 | 00795nam a22002897a 4500 | ||
|---|---|---|---|
| 003 | DO-SdBNP | ||
| 005 | 20240717112005.0 | ||
| 008 | 171117b 1970 0 spa d | ||
| 017 |
_a _b |
||
| 035 | _a | ||
| 040 |
_aBPMSU _bspa _cBPMSU _e |
||
| 080 | _a | ||
| 082 | 4 |
_a861.12 _bE37p 1970 _222 |
|
| 100 | 1 | _aAnónimo | |
| 210 | _a | ||
| 245 | 0 | 0 |
_aPoema del Mio Cid / _cedición y prólogo Luis Guarner _h |
| 260 |
_aNavarra, España : _bSalvat Editories, _c1970 |
||
| 300 |
_a152 p. ; _c20 cm _b |
||
| 490 | 0 |
_aLibro RTV, _v85 |
|
| 500 | _a | ||
| 590 | _aInventariado, 2024/VM | ||
| 650 | 4 |
_aPoema de Mio Cid _x Crítica e interpretación |
|
| 650 | 4 | _aPoesía española | |
| 700 |
_aGuarner, Luis, _d1902-1986. _e |
||
| 910 | _aVMateo V. Control de calidad. BPMSU | ||
| 942 |
_2ddc _cBK |
||
| 999 |
_c13131 _d13131 |
||